LEADER 01022nam a22002651i 4500 001 991000417839707536 005 20040116121930.0 008 040204s1988 gw |||||||||||||||||ger 035 $ab12613393-39ule_inst 035 $aARCHE-062059$9ExL 040 $aDip. SSC$bita$cA.t.i. Arché s.c.r.l. Pandora Sicilia s.r.l. 082 04$a610.943 245 00$aMedizin im Nationalsozialismus 260 $aMünchen :$bR. Oldenburg,$c1988 300 $a110 p. ;$c23 cm 440 0$aKolloquien des Instituts für zeitgeschichte 500 $aAtti del congresso tenuto a Monaco il 5 novembre 1987 650 4$aMedicina$zGermania$xStoria$ySec. 20.$xCongressi$y1987 710 2 $aInstituts für Zeitgeschichte 907 $a.b12613393$b02-04-14$c12-02-04 912 $a991000417839707536 945 $aLE021 610MED01.01$g1$iLE021-6384$lle021$o-$pE0.00$q-$rl$s- $t0$u0$v0$w0$x0$y.i13095869$z12-02-04 996 $aMedizin im Nationalsozialismus$9278179 997 $aUNISALENTO 998 $ale021$b12-02-04$cm$da $e-$fger$ggw $h0$i1 LEADER 01794oam 2200313z- 450 001 9910157597903321 005 20230913112557.0 010 $a1-62517-797-6 035 $a(CKB)3710000001001596 035 $a(BIP)051838760 035 $a(Exl-AI)993710000001001596 035 $a(EXLCZ)993710000001001596 100 $a20210505c2015uuuu -u- - 101 0 $aeng 200 10$aAwakened In Shadows 210 $cKats Kreative Ideas 215 $a1 online resource (374 p.) 330 8 $aCan someone constantly on the receiving end of betrayal learn to trust again?Dietrich Omari Johnson trusts no one. Sold into slavery by his own people, he learns early what the sharp edge of betrayal feels like. Working for the Shadow Unit is out of forced necessity. Never one to do something for nothing, he plays both sides of the fence. Every move, every decision, is calculated for his own personal gain.Jorunn McLellan, given into the care of the Unit's meanest team member, tries to make the best of a frightening situation. The dominating Walker hides behind his shades, and harsh comments, yet still manages to heat up her body.Can she put to rest the emotions Dietrich awakens and move on with her life before he steals her soul and shatters her heart? Or is the glimpse he allows her to see enough to fight for what she knows is his only chance for happiness?**PNR, Multicultural, Dark Paranormal Romance**+18 606 $aParanormal romance stories$7Generated by AI 606 $aBetrayal$7Generated by AI 615 0$aParanormal romance stories 615 0$aBetrayal 700 $aEden$b Tigris$01024240 702 $aHoward$b Jenn$4oth 702 $aRomero$b Danielle$4oth 906 $aBOOK 912 $a9910157597903321 996 $aAwakened In Shadows$93600029 997 $aUNINA